Sociologie des quartiers sensibles : Domaines et approches (notice n° 1925045)
[ vue normale ]
| 000 -LEADER | |
|---|---|
| fixed length control field | 00824cam a2200133 4500500 |
| 005 - DATE AND TIME OF LATEST TRANSACTION | |
| control field | 20260329023138.0 |
| 041 ## - LANGUAGE CODE | |
| Language code of text/sound track or separate title | fre |
| 042 ## - AUTHENTICATION CODE | |
| Authentication code | dc |
| 100 10 - MAIN ENTRY--PERSONAL NAME | |
| Personal name | Avenel, Cyprien |
| Relator term | author |
| 245 00 - TITLE STATEMENT | |
| Title | Sociologie des quartiers sensibles : Domaines et approches |
| 260 ## - PUBLICATION, DISTRIBUTION, ETC. | |
| Name of publisher, distributor, etc. | Armand Colin,<br/> |
| Date of publication, distribution, etc. | 2010.<br/> |
| 520 ## - SUMMARY, ETC. | |
| Summary, etc. | Etude des mécanismes de construction sociopolitique du problème des banlieues. Le point sur les modes de vie et les sociabilités dans les quartiers, les violences urbaines et les délinquances. Analyse des réponses institutionnelles et politiques au problème des banlieues. Cette nouvelle édition traite des émeutes de 2005, de la rénovation urbaine et de la politique de la ville. |
| 856 41 - ELECTRONIC LOCATION AND ACCESS | |
| Uniform Resource Identifier | <a href="https://shs.cairn.info/sociologie-des-quartiers-sensibles--9782200248109?lang=fr&redirect-ssocas=7080">https://shs.cairn.info/sociologie-des-quartiers-sensibles--9782200248109?lang=fr&redirect-ssocas=7080</a> |
Pas d'exemplaire disponible.




Réseaux sociaux